<?xml version="1.0" encoding="UTF-8"?><?xml-stylesheet type="text/xsl" href="static/style.xsl"?><OAI-PMH xmlns="http://www.openarchives.org/OAI/2.0/" xmlns:xsi="http://www.w3.org/2001/XMLSchema-instance" xsi:schemaLocation="http://www.openarchives.org/OAI/2.0/ http://www.openarchives.org/OAI/2.0/OAI-PMH.xsd"><responseDate>2026-04-14T04:59:33Z</responseDate><request verb="GetRecord" identifier="oai:www.recercat.cat:2072/422114" metadataPrefix="marc">https://recercat.cat/oai/request</request><GetRecord><record><header><identifier>oai:recercat.cat:2072/422114</identifier><datestamp>2024-10-29T16:51:10Z</datestamp><setSpec>com_2072_98</setSpec><setSpec>col_2072_378196</setSpec></header><metadata><record xmlns="http://www.loc.gov/MARC21/slim" xmlns:dcterms="http://purl.org/dc/terms/" xmlns:xsi="http://www.w3.org/2001/XMLSchema-instance" xmlns:doc="http://www.lyncode.com/xoai" xsi:schemaLocation="http://www.loc.gov/MARC21/slim http://www.loc.gov/standards/marcxml/schema/MARC21slim.xsd">
   <leader>00925njm 22002777a 4500</leader>
   <datafield ind2=" " ind1=" " tag="042">
      <subfield code="a">dc</subfield>
   </datafield>
   <datafield ind2=" " ind1=" " tag="720">
      <subfield code="a">Castillo Segura, Claudia Cecilia</subfield>
      <subfield code="e">author</subfield>
   </datafield>
   <datafield ind2=" " ind1=" " tag="720">
      <subfield code="a">Universitat Autònoma de Barcelona. Escola Superior d'Arxivística i Gestió de Documents</subfield>
      <subfield code="e">author</subfield>
   </datafield>
   <datafield ind2=" " ind1=" " tag="260">
      <subfield code="c">2017</subfield>
   </datafield>
   <datafield ind2=" " ind1=" " tag="520">
      <subfield code="a">La Propuesta Metodológica para la Identificación de Riesgos Asociados a la Gestión Documental, tiene como fin brindar una orientación a las entidades públicas en Colombia para la identificación de los riesgos que pueden afectar a los documentos o archivos electrónicos, con la consecuencia de perder sus atributos de autenticidad, fiabilidad, integridad, usabilidad y accesibilidad y amenazar su preservación a largo plazo, disminuyendo la capacidad de una organización para el logro de sus objetivos. Este trabajo articula metodologías y modelos relacionados con la gestión del riesgo, teniendo como marco de referencia el proceso de apreciación del riesgo de la norma técnica UNE-ISO/TR 18128: 2014. Riesgo, gestión del riesgo, gestión documental, procesos de gestión documental, sistemas de gestión documental, conservación, identificación del riesgo, preservación digital.</subfield>
   </datafield>
   <datafield ind2=" " ind1=" " tag="520">
      <subfield code="a">La Proposta Metodològica per a la Identificació de Riscos Associats a la Gestió Documental, té com a fi brindar una orientació a les entitats públiques a Colòmbia per a la identificació dels riscos que poden afectar els documents o arxius electrònics, amb la conseqüència de perdre els seus atributs d' autenticitat, fiabilitat, integritat, usabilitat i accessibilitat, i amenaçar la seva preservació a llarg termini, disminuint la capacitat d'una organització per a l'assoliment dels seus objectius. En aquest treball s'articulen metodologies i models relacionats amb la gestió del risc, tenint com a marc general de referència el procés d'apreciació del risc que estableix la norma tècnica UNE-ISO / TR 18128: 2014. risc, gestió del risc, gestió documental, processos de gestió documental, sistemes de gestió documental, conservació, riscos dels documents, identificació del risc, preservació digital.</subfield>
   </datafield>
   <datafield ind2=" " ind1=" " tag="520">
      <subfield code="a">The Proposed Methodology for Identifying Risks Associated with Document Management aims to provide guidance to public entities in Colombia for identifying risks that may affect any documents or electronic archives, with the consequence of losing their attributes authenticity, reliability, integrity, usability and accessibility, and threaten its long-term preservation, diminishing the ability of an organization to achieve its objectives. In this work methodologies and models related to risk management are articulated, having as a general framework the risk assessment process established in technical standard UNE- ISO / TR 18128: 2014 IN. Risk, risk management, document management, document management processes, document management systems, document storage, document risks, risk identification, digital preservation.</subfield>
   </datafield>
   <datafield tag="653" ind2=" " ind1=" ">
      <subfield code="a">Arxius</subfield>
   </datafield>
   <datafield tag="653" ind2=" " ind1=" ">
      <subfield code="a">Gestió dels documents - Colòmbia</subfield>
   </datafield>
   <datafield tag="653" ind2=" " ind1=" ">
      <subfield code="a">Documents d'arxiu - Avaluació del risc</subfield>
   </datafield>
   <datafield tag="653" ind2=" " ind1=" ">
      <subfield code="a">Documents electrònics</subfield>
   </datafield>
   <datafield ind2="0" ind1="0" tag="245">
      <subfield code="a">Propuesta metodológica para la identificación de riesgos asociados a la Gestión Documental</subfield>
   </datafield>
</record></metadata></record></GetRecord></OAI-PMH>